[Event "2nd 4NCL Spring Bank Holiday Congress"]
[Site "Basingstoke"]
[Date "2019.05.25"]
[Round "3.17"]
[White "Carter, Rebecca"]
[Black "Sommer, Martin C"]
[Result "0-1"]
[WhiteElo "1598"]
[BlackElo "1985"]
[PlyCount "60"]
[EventDate "2019.05.24"]

1. c4 Nf6 2. Nc3 g6 3. Nf3 Bg7 4. g3 O-O 5. Bg2 d6 6. d4 Nbd7 7. O-O e5 8. a3
Re8 9. b4 c6 10. Bb2 e4 11. Nd2 d5 12. e3 Nf8 13. b5 Bf5 14. bxc6 bxc6 15. Rb1
Rb8 16. Qc2 Qd7 17. Rfc1 Rec8 18. Qd1 h5 19. a4 Ne6 20. Ba3 Ng5 21. Rb3 Bg4 22.
Qe1 Rxb3 23. Nxb3 Bf3 24. Nd2 Bxg2 25. Kxg2 Qh3+ 26. Kh1 dxc4 27. Qf1 Qf5 28.
Qg2 Ng4 29. Ndxe4 Nxe4 30. Nxe4 Qxe4 0-1

[Event "2nd 4NCL Spring Bank Holiday Congress"]
[Site "Basingstoke"]
[Date "2019.05.25"]
[Round "3.18"]
[White "Davis, Timothy J"]
[Black "Mellor, Jessica"]
[Result "0-1"]
[WhiteElo "1822"]
[BlackElo "1597"]
[PlyCount "116"]
[EventDate "2019.05.24"]

1. e4 e5 2. Nf3 Nc6 3. Bb5 Nf6 4. O-O Nxe4 5. d4 Nd6 6. Bxc6 bxc6 7. dxe5 Nf5
8. Nc3 Be7 9. Nd4 Nxd4 10. Qxd4 O-O 11. Rd1 d5 12. Na4 Bf5 13. Qc3 Qd7 14. Nc5
Bxc5 15. Qxc5 Rfe8 16. f4 Qe6 17. Be3 Qg6 18. Rd2 Re6 19. Rf1 Be4 20. Rff2 Qg4
21. Qc3 Rg6 22. Qb3 Re8 23. Bxa7 h6 24. Qe3 h5 25. Bd4 h4 26. Qe2 Qf5 27. Kf1
Rge6 28. Qe3 f6 29. Ke1 c5 30. Bxc5 fxe5 31. fxe5 Qxe5 32. Bd4 Qxh2 33. Rde2
Bxg2 34. Qxe6+ Rxe6 35. Rxe6 Qg3 36. Re3 Qg4 37. Be5 Be4 38. Rh2 d4 39. Rb3 d3
40. cxd3 Bxd3 41. Rxd3 Qe4+ 42. Kd2 Qxe5 43. Re2 Qxb2+ 44. Ke1 Qc1+ 45. Rd1
Qc3+ 46. Rdd2 Kh7 47. Kf1 Kh6 48. Kg2 Qg3+ 49. Kh1 g5 50. Rg2 Qe1+ 51. Kh2 Qe5+
52. Kg1 Kh5 53. Rd8 h3 54. Rgd2 Kh4 55. R8d7 Qf5 56. Rd8 g4 57. R8d3 Qe5 58.
Rd7 Qe1+ 0-1

[Event "2nd 4NCL Spring Bank Holiday Congress"]
[Site "Basingstoke"]
[Date "2019.05.25"]
[Round "3.19"]
[White "Mendis, Vidura"]
[Black "Turner, Sam"]
[Result "1/2-1/2"]
[WhiteElo "1497"]
[BlackElo "1652"]
[PlyCount "52"]
[EventDate "2019.05.24"]

1. e4 c5 2. Nc3 g6 3. f4 Bg7 4. Nf3 e6 5. e5 d6 6. Bb5+ Bd7 7. exd6 Qb6 8.
Bxd7+ Nxd7 9. Ne4 Ngf6 10. d3 Nxe4 11. dxe4 Qb4+ 12. Nd2 Qd4 13. Qf3 Qxd6 14.
O-O Qc6 15. Nc4 O-O 16. c3 b6 17. e5 Qxf3 18. Rxf3 f6 19. Rd3 Rf7 20. exf6 Bxf6
21. Nd6 Re7 22. Ne4 Bg7 23. Bd2 e5 24. Re1 Nf6 25. Nxf6+ Bxf6 26. fxe5 Bxe5
1/2-1/2

[Event "2nd 4NCL Spring Bank Holiday Congress"]
[Site "Basingstoke"]
[Date "2019.05.25"]
[Round "3.20"]
[White "Cordova Lopez, Diego Anton"]
[Black "Chantrell, Paul"]
[Result "0-1"]
[WhiteElo "1478"]
[BlackElo "1620"]
[PlyCount "94"]
[EventDate "2019.05.24"]

1. e4 e5 2. Nf3 Nc6 3. Bc4 Bc5 4. O-O d6 5. h3 Nf6 6. d3 Na5 7. Nbd2 O-O 8. c3
Nxc4 9. Nxc4 h6 10. a4 a5 11. Nxa5 Rxa5 12. b4 Bxb4 13. cxb4 Ra8 14. Be3 b6 15.
b5 Bd7 16. Qc2 Ra7 17. Rfc1 Qa8 18. Qb3 Rc8 19. Ra2 Be6 20. Rc4 Bxc4 21. Qxc4
d5 22. exd5 Qxd5 23. Qxd5 Nxd5 24. Nxe5 Nb4 25. Ra3 Rca8 26. Rc3 Nd5 27. Rc1
Rxa4 28. Nc6 Nxe3 29. fxe3 Ra1 30. Rxa1 Rxa1+ 31. Kf2 Kf8 32. Kf3 f6 33. g3 f5
34. Nd4 Rb1 35. Ne6+ Ke7 36. Nxg7 Rxb5 37. d4 Kf7 38. Nh5 Rb1 39. Nf4 c6 40.
Nd3 Kf6 41. Ne5 c5 42. Nc6 cxd4 43. Nxd4 b5 44. h4 b4 45. Ke2 Rb2+ 46. Kd3 Rg2
47. Ne2 b3 0-1

[Event "2nd 4NCL Spring Bank Holiday Congress"]
[Site "Basingstoke"]
[Date "2019.05.25"]
[Round "3.21"]
[White "Hymer, Barry J"]
[Black "Mcdonnell, James J"]
[Result "0-1"]
[WhiteElo "1884"]
[BlackElo "1815"]
[PlyCount "66"]
[EventDate "2019.05.24"]

1. Nf3 d5 2. g3 Nf6 3. Bg2 Bg4 4. O-O c6 5. d3 Nbd7 6. Nbd2 e5 7. e4 dxe4 8.
dxe4 Be7 9. h3 Bh5 10. a4 a5 11. Qe2 O-O 12. b3 Ne8 13. Bb2 f6 14. Nc4 Qc7 15.
Rad1 Bc5 16. Rd2 Bf7 17. Rfd1 Nb6 18. Nxb6 Qxb6 19. Nh4 Be6 20. Qh5 g6 21. Nxg6
Bf7 22. Qh6 Bxg6 23. Bf1 Nd6 24. Kg2 Bxe4+ 25. f3 Nf5 26. Qh5 Ng7 27. Qg4 Bf5
28. Bc4+ Kh8 29. Qh4 Be3 30. f4 Be4+ 31. Kh2 Bxd2 32. Rxd2 Rad8 33. Re2 Rd1 0-1

[Event "2nd 4NCL Spring Bank Holiday Congress"]
[Site "Basingstoke"]
[Date "2019.05.25"]
[Round "3.22"]
[White "Jagadeesh, Balakrishnan"]
[Black "Aubury, Ben"]
[Result "0-1"]
[WhiteElo "1712"]
[BlackElo "1659"]
[PlyCount "82"]
[EventDate "2019.05.24"]

1. d4 Nf6 2. c4 g6 3. Nf3 Bg7 4. g3 O-O 5. Bg2 d6 6. O-O c6 7. Nc3 Bf5 8. Qb3
Qb6 9. Re1 Ne4 10. Qxb6 axb6 11. Nh4 Nxc3 12. bxc3 Be6 13. Bg5 f6 14. Be3 Bxc4
15. a3 Nd7 16. Bf3 Ra4 17. Ng2 Rfa8 18. Bc1 e5 19. e3 b5 20. Bb2 Nb6 21. e4 Bh6
22. Rad1 Bb3 23. Rb1 Bc2 24. Ra1 Nc4 25. Bc1 Bxc1 26. Rexc1 Bb3 27. Ne3 Nd2 28.
Bd1 Bxd1 29. Rxd1 Nxe4 30. dxe5 dxe5 31. Rd7 Nc5 32. Re7 Rxa3 33. Rxa3 Rxa3 34.
Ng4 f5 35. Nh6+ Kf8 36. Rxh7 Rxc3 37. Rf7+ Ke8 38. Rg7 b4 39. Rxg6 b3 40. Nxf5
b2 41. Nd6+ Kd7 0-1

[Event "2nd 4NCL Spring Bank Holiday Congress"]
[Site "Basingstoke"]
[Date "2019.05.25"]
[Round "2.1"]
[White "Angheluta, Ovidiu"]
[Black "Botlik, Bela"]
[Result "0-1"]
[WhiteElo "1891"]
[BlackElo "2029"]
[PlyCount "60"]
[EventDate "2019.05.24"]

1. c4 Nf6 2. Nc3 g6 3. g3 Bg7 4. Bg2 O-O 5. e4 d6 6. Nge2 c5 7. a3 Nc6 8. Rb1
Rb8 9. b4 b6 10. f4 Bb7 11. O-O Nd4 12. d3 Ng4 13. h3 Nh6 14. Be3 Nxe2+ 15.
Nxe2 f5 16. Qa4 Ra8 17. Rfd1 Qc7 18. bxc5 dxc5 19. e5 Bxg2 20. Kxg2 Qb7+ 21.
Kf2 g5 22. Ng1 Qh1 23. fxg5 Qh2+ 24. Kf3 f4 25. gxf4 Nf5 26. Bf2 Bxe5 27. fxe5
Ng3+ 28. Kg4 Qxf2 29. h4 Nf5 30. Rf1 Qg3+ 0-1

[Event "2nd 4NCL Spring Bank Holiday Congress"]
[Site "Basingstoke"]
[Date "2019.05.25"]
[Round "2.2"]
[White "Krueger, Norbert"]
[Black "Nwachukwu, Chino"]
[Result "1/2-1/2"]
[WhiteElo "1983"]
[BlackElo "1865"]
[PlyCount "107"]
[EventDate "2019.05.24"]

1. e4 c5 2. c3 Nf6 3. e5 Nd5 4. d4 cxd4 5. cxd4 Nc6 6. Nc3 Nxc3 7. bxc3 d6 8.
exd6 Qxd6 9. Nf3 g6 10. Be2 Bg7 11. O-O O-O 12. Be3 Bf5 13. Qd2 Rfd8 14. Rfd1
Rac8 15. Qb2 Na5 16. Rac1 b6 17. c4 Be6 18. Qb5 Bd7 19. Qb1 Bf5 20. Qb5 Qa3 21.
c5 bxc5 22. Rxc5 Rxc5 23. Qxc5 Qxa2 24. Kf1 Qd5 25. Qxa7 Nc6 26. Qc5 Be4 27.
Qb6 Qd6 28. h3 Bxf3 29. Bxf3 Nxd4 30. Qxd6 Rxd6 31. Bxd4 Bxd4 32. g3 e5 33. Be2
Rf6 34. f3 Rb6 35. f4 Rf6 36. Kg2 Be3 37. Bc4 exf4 38. gxf4 Rxf4 39. Bb3 h5 40.
Rf1 Kg7 41. Rxf4 Bxf4 42. Kf3 Bd6 43. Ba4 f5 44. Bd7 Kf6 45. Be8 Bc7 46. Ke3
Kg5 47. Kf3 Bf4 48. h4+ Kxh4 49. Kxf4 g5+ 50. Kxf5 g4 51. Kf4 g3 52. Kf3 Kh3
53. Bc6 g2 54. Kf2 1/2-1/2

[Event "2nd 4NCL Spring Bank Holiday Congress"]
[Site "Basingstoke"]
[Date "2019.05.25"]
[Round "2.3"]
[White "Cast, Julian"]
[Black "Pafura, P Godfrey"]
[Result "1/2-1/2"]
[WhiteElo "1883"]
[BlackElo "1968"]
[PlyCount "118"]
[EventDate "2019.05.24"]

1. e4 c6 2. d4 d5 3. exd5 cxd5 4. Bd3 Nc6 5. c3 Qc7 6. h3 e6 7. Nf3 Bd6 8. O-O
Nf6 9. Re1 O-O 10. Bg5 Ne8 11. Qc2 h6 12. Bc1 f5 13. b4 Nf6 14. b5 Ne7 15. c4
dxc4 16. Bxc4 Ned5 17. Ba3 Bd7 18. Ne5 Qa5 19. Qc1 Bxe5 20. dxe5 Rfc8 21. Qd2
Qc7 22. exf6 Qxc4 23. fxg7 Kxg7 24. Bc1 Qh4 25. Bb2+ Kf7 26. Nc3 Nb6 27. Rad1
Rg8 28. Qe3 Rg6 29. Rd4 Qe7 30. Nd5 Nxd5 31. Rxd5 Qe8 32. Rc5 Rc8 33. Rxc8 Qxc8
34. Rc1 Qg8 35. g3 Qd8 36. Qxa7 f4 37. g4 h5 38. f3 Qh4 39. Qxb7 Qg3+ 40. Kf1
Qxh3+ 41. Ke1 Qh4+ 42. Kd1 Qd8 43. b6 Ke8 44. Ke1 Qh4+ 45. Kd2 Qf2+ 46. Kc3 e5
47. Qa8+ Kf7 48. Qd5+ Be6 49. Qxe5 Qxb6 50. gxh5 Rg2 51. Qxf4+ Kg8 52. Ba3 Bxa2
53. Qf8+ Kh7 54. Qf5+ Kh8 55. Qe5+ Rg7 56. Bf8 Qc7+ 57. Qxc7 Rxc7+ 58. Kb2 Rf7
59. Kxa2 Rxf8 1/2-1/2

[Event "2nd 4NCL Spring Bank Holiday Congress"]
[Site "Basingstoke"]
[Date "2019.05.25"]
[Round "2.4"]
[White "Ireland, David J"]
[Black "Neatherway, A Philip"]
[Result "1-0"]
[WhiteElo "1948"]
[BlackElo "1813"]
[PlyCount "139"]
[EventDate "2019.05.24"]

1. e4 e6 2. c4 d5 3. exd5 exd5 4. cxd5 Nf6 5. Nc3 Nxd5 6. Bc4 Nxc3 7. bxc3 Be7
8. Nf3 Nc6 9. d4 O-O 10. O-O Bg4 11. Bf4 Bf6 12. Re1 Re8 13. Qb3 Bh5 14. Qxb7
Na5 15. Qb5 Nxc4 16. Qxh5 Qd7 17. h3 g6 18. Qc5 Rxe1+ 19. Rxe1 Nd6 20. Ne5 Qf5
21. Bg3 Rc8 22. Ng4 Bg7 23. Qxf5 Nxf5 24. Be5 h5 25. Nf6+ Kf8 26. Nd7+ Ke7 27.
Nc5 Kd8 28. Bxg7 Nxg7 29. g4 hxg4 30. hxg4 Rb8 31. Re2 Rb1+ 32. Kg2 Rc1 33. Re3
Rc2 34. a4 f5 35. Ne6+ Nxe6 36. Rxe6 fxg4 37. Rxg6 Rxc3 38. Ra6 Rc4 39. d5 Rd4
40. Kg3 Kd7 41. Rxa7 Kd6 42. a5 Ra4 43. a6 Kxd5 44. Rxc7 Rxa6 45. Kxg4 Ke6 46.
Rh7 Ra1 47. f3 Kf6 48. Rh6+ Kg7 49. Rb6 Kf7 50. f4 Ra2 51. Rb7+ Kf6 52. Rb6+
Kf7 53. Kg5 Ra5+ 54. f5 Ra1 55. Rb7+ Kf8 56. Kg6 Rg1+ 57. Kf6 Ke8 58. Rb8+ Kd7
59. Kf7 Rf1 60. f6 Kd6 61. Re8 Kd7 62. Re2 Kd8 63. Rd2+ Kc7 64. Ke7 Re1+ 65.
Kf8 Rf1 66. f7 Kc6 67. Rd4 Kc5 68. Rg4 Kd6 69. Kg8 Ke7 70. Re4+ 1-0

[Event "2nd 4NCL Spring Bank Holiday Congress"]
[Site "Basingstoke"]
[Date "2019.05.25"]
[Round "2.5"]
[White "Brixel, Christof"]
[Black "Shepley, Julien M"]
[Result "1-0"]
[WhiteElo "1781"]
[BlackElo "1947"]
[PlyCount "87"]
[EventDate "2019.05.24"]

1. d4 d6 2. Nc3 Nf6 3. e4 e5 4. dxe5 dxe5 5. Qxd8+ Kxd8 6. Bc4 Be6 7. Bxe6 fxe6
8. Bd2 a6 9. O-O-O Bd6 10. f3 Nc6 11. Be3 Ke7 12. Nge2 b5 13. Kb1 Rhb8 14. Nc1
a5 15. Nb3 Nd7 16. a4 bxa4 17. Nxa4 Rb5 18. Rd3 Rab8 19. Rhd1 Rb4 20. Rc3 Nd4
21. Nxd4 exd4 22. Rxd4 Rxd4 23. Bxd4 Rb4 24. e5 Nxe5 25. Bxe5 Bxe5 26. Rc5 Bxh2
27. Rxa5 Bg1 28. Nc5 Bxc5 29. Rxc5 Kd6 30. Rg5 g6 31. c3 Rf4 32. Kc2 e5 33. Kd3
Ke6 34. b3 Kf6 35. Rg4 e4+ 36. Ke3 Rxg4 37. fxg4 Ke5 38. g5 Kf5 39. b4 Kxg5 40.
Kxe4 Kf6 41. c4 Ke6 42. b5 Kd6 43. Kd4 c6 44. c5+ 1-0

[Event "2nd 4NCL Spring Bank Holiday Congress"]
[Site "Basingstoke"]
[Date "2019.05.25"]
[Round "2.6"]
[White "Pink, Joshua"]
[Black "Shenbagakumar, Gautham"]
[Result "1-0"]
[WhiteElo "1928"]
[BlackElo "1539"]
[PlyCount "135"]
[EventDate "2019.05.24"]

1. Nc3 d5 2. e4 d4 3. Nce2 e5 4. Ng3 Nf6 5. Bc4 Be7 6. d3 O-O 7. Nf3 Nc6 8. O-O
a6 9. a3 Bg4 10. h3 Bd7 11. Qe2 Kh8 12. Nh2 Na5 13. Ba2 c5 14. Ng4 Nc6 15. Bg5
Nxg4 16. Bxe7 Qxe7 17. hxg4 Qg5 18. f3 Ne7 19. Nf5 Ng6 20. g3 Be6 21. Kg2 Bxa2
22. Rxa2 Qf6 23. Raa1 Ne7 24. Rh1 Nxf5 25. exf5 h6 26. Rh5 Rac8 27. Rah1 Rc6
28. g5 Qe7 29. f6 Rxf6 30. gxf6 Qxf6 31. Qe4 b5 32. Qf5 Qxf5 33. Rxf5 f6 34.
Rfh5 Kh7 35. Re1 g6 36. Rhh1 c4 37. f4 Re8 38. fxe5 fxe5 39. Re4 cxd3 40. cxd3
Rc8 41. Rf1 Rc2+ 42. Rf2 Rc5 43. Rfe2 Kg7 44. Rxe5 Rc7 45. Re7+ Rxe7 46. Rxe7+
Kf6 47. Ra7 Kf5 48. Kf3 g5 49. g4+ Ke5 50. Rf7 a5 51. Rf5+ Kd6 52. Ke4 b4 53.
Kxd4 bxa3 54. bxa3 a4 55. Rf6+ Kc7 56. Kc5 Kd7 57. d4 Ke7 58. Ra6 Kd7 59. d5
Ke7 60. d6+ Ke6 61. Kc6 Ke5 62. d7 Kf4 63. Rxa4+ Ke3 64. d8=Q Kf3 65. Qd3+ Kf2
66. Rc4 Kg2 67. Rc2+ Kg1 68. Qd1# 1-0

[Event "2nd 4NCL Spring Bank Holiday Congress"]
[Site "Basingstoke"]
[Date "2019.05.25"]
[Round "2.7"]
[White "Hammond, Benjamin"]
[Black "Cooper, Malcolm H"]
[Result "0-1"]
[WhiteElo "1575"]
[BlackElo "1925"]
[PlyCount "62"]
[EventDate "2019.05.24"]

1. e4 c5 2. c3 d5 3. exd5 Qxd5 4. d4 Nf6 5. Nf3 Bg4 6. Be2 e6 7. Be3 cxd4 8.
cxd4 Be7 9. Nc3 Qd8 10. Qb3 b6 11. Bb5+ Nbd7 12. Ne5 O-O 13. h3 Bf5 14. g4 Nxe5
15. dxe5 Be4 16. exf6 Bxh1 17. fxe7 Qxe7 18. O-O-O Bg2 19. Bf1 Qb7 20. Ne2
Rac8+ 21. Kb1 Be4+ 22. Ka1 Bc2 23. Qb4 Bxd1 24. Nc3 Qh1 25. Qb5 Bf3 26. Nb1
Rfd8 27. Qa6 Be4 28. a3 Bg6 29. Ka2 Qd5+ 30. b3 Rc2+ 31. Ka1 Qe5+ 0-1

[Event "2nd 4NCL Spring Bank Holiday Congress"]
[Site "Basingstoke"]
[Date "2019.05.25"]
[Round "2.8"]
[White "Zheng, Jerry Z"]
[Black "Fegan, Chris"]
[Result "0-1"]
[WhiteElo "1520"]
[BlackElo "2038"]
[PlyCount "164"]
[EventDate "2019.05.24"]

1. e4 c5 2. Nf3 d6 3. d4 cxd4 4. Nxd4 Nf6 5. Nc3 g6 6. Be3 a6 7. f3 Nc6 8. Qd2
Bd7 9. O-O-O b5 10. g4 Qa5 11. Nb3 Qc7 12. Nd4 Bg7 13. h4 b4 14. Nce2 Qa5 15.
Nxc6 Bxc6 16. Kb1 Rb8 17. h5 Nxe4 18. fxe4 Bxe4 19. Rg1 O-O 20. Nd4 Rfc8 21.
Bd3 Bd5 22. Nb3 Qc7 23. Bxa6 Bxb3 24. Bxc8 Bxa2+ 25. Kxa2 Qc4+ 26. Kb1 Ra8 27.
Qd3 Qa2+ 28. Kc1 Qxb2+ 29. Kd2 Ra3 30. Ba6 Rxd3+ 31. Bxd3 b3 32. Rb1 Qc3+ 33.
Ke2 b2 34. h6 Be5 35. Bd2 Qc6 36. g5 f5 37. gxf6 Bxf6 38. Bg5 Bd4 39. Be3 Be5
40. Rgf1 d5 41. Bg5 Bc3 42. Rf3 Qe6+ 43. Be3 Bf6 44. Kd2 Qc6 45. Rff1 Qc3+ 46.
Ke2 Qc6 47. Kd2 Qc7 48. Ke2 Qh2+ 49. Rf2 Qh5+ 50. Kd2 Qh4 51. Ke2 Qa4 52. Rff1
Bc3 53. Bd2 Qg4+ 54. Ke1 Bf6 55. c3 Bh4+ 56. Rf2 Qg1+ 57. Ke2 Qxf2+ 58. Kd1
Qf3+ 59. Kc2 Qg2 60. Kd1 Bg5 61. Rxb2 Qg1+ 62. Kc2 Bxd2 63. Kxd2 Qg5+ 64. Kd1
Qxh6 65. Re2 Qh5 66. Kd2 e5 67. c4 Qg5+ 68. Kc3 e4 69. Bc2 Qe5+ 70. Kd2 Qd4+
71. Ke1 Qxc4 72. Kd2 Qd4+ 73. Ke1 e3 74. Kf1 Qf4+ 75. Ke1 Qg3+ 76. Kf1 Qf3+ 77.
Kg1 Qxe2 78. Bb3 Qf2+ 79. Kh1 e2 80. Bxd5+ Kg7 81. Bg2 e1=Q+ 82. Kh2 Qg3# 0-1

[Event "2nd 4NCL Spring Bank Holiday Congress"]
[Site "Basingstoke"]
[Date "2019.05.25"]
[Round "2.9"]
[White "Kolani, Arjun"]
[Black "Nelson, Omowale A"]
[Result "1/2-1/2"]
[WhiteElo "1671"]
[BlackElo "1989"]
[PlyCount "53"]
[EventDate "2019.05.24"]

1. e4 c6 2. c4 d5 3. exd5 cxd5 4. cxd5 Nf6 5. Nc3 Nxd5 6. Nf3 Nc6 7. Bb5 Nxc3
8. bxc3 g6 9. O-O Bg7 10. d4 O-O 11. Re1 Bd7 12. Bd3 Rc8 13. a4 Na5 14. Ba3 Re8
15. Ne5 Be6 16. Bb4 a6 17. Rb1 Bd5 18. Bc5 Nc6 19. Nxc6 Bxc6 20. Be4 Qd7 21.
Bxc6 Qxc6 22. Rb6 Qd7 23. Qb3 Rc7 24. Rb1 e5 25. Bd6 Rc6 26. Rxb7 Qf5 27. Bc5
1/2-1/2

[Event "2nd 4NCL Spring Bank Holiday Congress"]
[Site "Basingstoke"]
[Date "2019.05.25"]
[Round "2.10"]
[White "Turner, Sam"]
[Black "Gardiner, Eric D"]
[Result "0-1"]
[WhiteElo "1652"]
[BlackElo "1959"]
[PlyCount "47"]
[EventDate "2019.05.24"]

1. d4 d5 2. c4 dxc4 3. Nf3 a6 4. a4 c5 5. d5 e6 6. Nc3 Nf6 7. Bg5 Be7 8. dxe6
Bxe6 9. e4 Nc6 10. Nd2 Ne5 11. f4 Bg4 12. Qc2 Nd3+ 13. Bxd3 cxd3 14. Qb3 O-O
15. f5 h6 16. Bh4 Be2 17. Nxe2 dxe2 18. Bg3 Nh5 19. Be5 Bd6 20. Qc3 Bxe5 21.
Qxe5 Re8 22. Qc3 Qg5 23. Qf3 Rad8 24. Qxe2 0-1

[Event "2nd 4NCL Spring Bank Holiday Congress"]
[Site "Basingstoke"]
[Date "2019.05.25"]
[Round "2.11"]
[White "Nandi, Robin J"]
[Black "Carter, Rebecca"]
[Result "1-0"]
[WhiteElo "1934"]
[BlackElo "1598"]
[PlyCount "67"]
[EventDate "2019.05.24"]

1. e4 e5 2. Nf3 Nf6 3. Nxe5 d6 4. Nf3 Nxe4 5. Nc3 Nxc3 6. dxc3 Be7 7. Be3 Nc6
8. Qd2 Be6 9. O-O-O Qd7 10. h3 h6 11. Bb5 a6 12. Ba4 Bf5 13. Nd4 Be4 14. f3 Bd5
15. c4 Bxc4 16. Nxc6 bxc6 17. Qc3 Bb5 18. Qxg7 O-O-O 19. Bb3 d5 20. a4 Qe6 21.
Rhe1 Bc4 22. Bd4 Bg5+ 23. Qxg5 hxg5 24. Rxe6 fxe6 25. Bxc4 dxc4 26. Bxh8 Rxh8
27. Rd4 Rh4 28. Rxh4 gxh4 29. Kd2 Kd7 30. Ke3 e5 31. Ke4 Ke6 32. f4 exf4 33.
Kxf4 Kd5 34. g3 1-0

[Event "2nd 4NCL Spring Bank Holiday Congress"]
[Site "Basingstoke"]
[Date "2019.05.25"]
[Round "2.12"]
[White "Mellor, Jessica"]
[Black "Merriman, James"]
[Result "0-1"]
[WhiteElo "1597"]
[BlackElo "1839"]
[PlyCount "96"]
[EventDate "2019.05.24"]

1. e4 e6 2. d4 d5 3. e5 c5 4. c3 Qb6 5. Nf3 Nc6 6. a3 f6 7. Bd3 fxe5 8. dxe5 c4
9. Bc2 Nh6 10. O-O Nf7 11. Qe2 Bc5 12. Nbd2 Bd7 13. b4 Be7 14. Re1 g5 15. g4
O-O-O 16. Nf1 h5 17. h3 hxg4 18. hxg4 Rh3 19. Be3 Qc7 20. Bd4 Rdh8 21. N1h2
Nxd4 22. cxd4 Kb8 23. Bg6 Be8 24. Bh5 Nd8 25. Bxe8 Rxe8 26. Kg2 Reh8 27. Reb1
Nc6 28. Qd2 Bd8 29. Rh1 Qh7 30. Rad1 Qe4 31. Qe3 Qg6 32. Qc3 Qh6 33. Qb2 Ne7
34. Qe2 Ng6 35. Kf1 Rf8 36. Kg1 Rfxf3 37. Qxf3 Rxf3 38. Nxf3 Nh4 39. Nxh4 gxh4
40. Kg2 Qg6 41. f3 Qc2+ 42. Kh3 Qc3 43. Kg2 Qb2+ 44. Kg1 Qxa3 45. Rf1 Qe3+ 46.
Kg2 Qxd4 47. f4 Qe4+ 48. Kg1 Qe3+ 0-1

[Event "2nd 4NCL Spring Bank Holiday Congress"]
[Site "Basingstoke"]
[Date "2019.05.25"]
[Round "2.13"]
[White "Duda, Lucas"]
[Black "Sandhu, Manvith"]
[Result "1/2-1/2"]
[WhiteElo "1823"]
[BlackElo "1567"]
[PlyCount "77"]
[EventDate "2019.05.24"]

1. e4 Nc6 2. Nf3 d6 3. d4 Nf6 4. Nc3 Bg4 5. Be2 e6 6. d5 exd5 7. exd5 Nb8 8.
O-O Be7 9. Nd4 Bxe2 10. Qxe2 O-O 11. Nf5 Re8 12. Qf3 Bf8 13. Bg5 Nbd7 14. Rfe1
Rxe1+ 15. Rxe1 h6 16. Bh4 Ne5 17. Nxh6+ gxh6 18. Qxf6 Qxf6 19. Bxf6 Bg7 20.
Bxg7 Kxg7 21. f4 Ng6 22. g3 Kf6 23. Nb5 Ne7 24. c4 a6 25. Nc3 Ng6 26. Kf2 h5
27. h4 Nf8 28. a4 Nd7 29. Kf3 Nc5 30. Re3 Rd8 31. b4 Nd7 32. Ne4+ Kg6 33. Ng5
Kf6 34. a5 b6 35. Ra3 Re8 36. Re3 Rxe3+ 37. Kxe3 bxa5 38. bxa5 Kf5 39. Ne4
1/2-1/2

[Event "2nd 4NCL Spring Bank Holiday Congress"]
[Site "Basingstoke"]
[Date "2019.05.25"]
[Round "2.14"]
[White "Buanne, Luca"]
[Black "Davis, Timothy J"]
[Result "1-0"]
[WhiteElo "1536"]
[BlackElo "1822"]
[PlyCount "101"]
[EventDate "2019.05.24"]

1. e4 c6 2. d4 d5 3. Nc3 dxe4 4. Nxe4 Nf6 5. Bd3 Qxd4 6. Nf3 Qd5 7. Nc3 Qe6+ 8.
Be3 Ng4 9. Qd2 Nxe3 10. fxe3 Nd7 11. O-O Ne5 12. Ng5 Qh6 13. Nxf7 Nxf7 14. Nb5
Nd6 15. Nc7+ Kd8 16. Nxa8 b6 17. c4 Qg5 18. Rac1 c5 19. Be4 Bd7 20. Rcd1 Qe5
21. Bf3 g6 22. Qd3 Kc8 23. a4 Bh6 24. e4 Bc6 25. Nxb6+ axb6 26. a5 Qd4+ 27.
Qxd4 cxd4 28. b3 e5 29. axb6 Bxe4 30. c5 Bxf3 31. gxf3 Nb5 32. c6 Kb8 33. Ra1
Nd6 34. Ra7 Be3+ 35. Kg2 d3 36. c7+ Kc8 37. Ra8+ Kb7 38. Rxh8 Bxb6 39. Rxh7
Bxc7 40. Rd1 Kb8 41. Rxd3 Nb5 42. Rdd7 Kc8 43. Rxc7+ Nxc7 44. Rxc7+ Kxc7 45.
Kf2 Kc6 46. Ke3 Kd5 47. b4 Kc4 48. Ke4 Kxb4 49. Kxe5 Kc5 50. Kf6 Kd4 51. Kxg6
1-0

[Event "2nd 4NCL Spring Bank Holiday Congress"]
[Site "Basingstoke"]
[Date "2019.05.25"]
[Round "2.15"]
[White "Stephenson, David W"]
[Black "Mendis, Vidura"]
[Result "1-0"]
[WhiteElo "1805"]
[BlackElo "1497"]
[PlyCount "43"]
[EventDate "2019.05.24"]

1. d4 e6 2. e4 d5 3. Nc3 Bb4 4. exd5 exd5 5. Qf3 Nf6 6. Bg5 Nbd7 7. Bd3 Qe7+ 8.
Nge2 h6 9. Bf4 Nb6 10. O-O Bg4 11. Qg3 O-O-O 12. f3 Be6 13. Be5 g5 14. Nb5 Bd6
15. Nxa7+ Kb8 16. Nb5 Nh5 17. Qe1 Bxe5 18. dxe5 Bd7 19. Qc3 Bxb5 20. Bxb5 d4
21. Nxd4 Qxe5 22. Nc6+ 1-0

[Event "2nd 4NCL Spring Bank Holiday Congress"]
[Site "Basingstoke"]
[Date "2019.05.25"]
[Round "2.16"]
[White "Xu, Edison"]
[Black "Cordova Lopez, Diego Anton"]
[Result "1-0"]
[WhiteElo "1764"]
[BlackElo "1478"]
[PlyCount "77"]
[EventDate "2019.05.24"]

1. e4 e5 2. Nf3 Nc6 3. Bc4 Bc5 4. O-O Nf6 5. c3 O-O 6. d4 exd4 7. cxd4 Be7 8.
e5 Ne8 9. d5 Na5 10. Bd3 b6 11. Qc2 g6 12. Bh6 Ng7 13. Nc3 Nb7 14. a3 Nc5 15.
Be2 a5 16. Ne4 Re8 17. Nxc5 Bxc5 18. Qc3 Nf5 19. Bg5 Be7 20. Bxe7 Nxe7 21. Rfd1
Bb7 22. Bc4 Nf5 23. Rac1 Rc8 24. Bd3 Ne7 25. Bc4 Nf5 26. Qb3 Qe7 27. Re1 Qf8
28. e6 Nd6 29. exd7 Rxe1+ 30. Rxe1 Rd8 31. Bb5 f5 32. Ng5 Qf6 33. Ne6 Rb8 34.
d8=Q+ Rxd8 35. Nxd8 Qxd8 36. Bc6 Ba6 37. Qe3 Bc4 38. b3 Ba6 39. Qe6+ 1-0

[Event "2nd 4NCL Spring Bank Holiday Congress"]
[Site "Basingstoke"]
[Date "2019.05.25"]
[Round "2.17"]
[White "Pal, Rohan"]
[Black "Redmond, Michael F"]
[Result "1/2-1/2"]
[WhiteElo "1430"]
[BlackElo "1686"]
[PlyCount "120"]
[EventDate "2019.05.24"]

1. e4 c6 2. d4 d5 3. exd5 cxd5 4. Bd3 Nf6 5. c3 Bg4 6. Ne2 e6 7. O-O Bd6 8. Bg5
Nbd7 9. Nd2 Qc7 10. h3 Bh5 11. Qc2 Bg6 12. Rad1 Bxd3 13. Qxd3 h6 14. Be3 Nb6
15. Rfe1 Rc8 16. Kh1 Nc4 17. Nxc4 dxc4 18. Qc2 O-O 19. Qd2 Ne4 20. Qc2 f5 21.
f4 Qf7 22. Rf1 Be7 23. Bf2 b5 24. Ng3 Nf6 25. Rfe1 Rfe8 26. Qe2 Bd6 27. Qf3 Nd5
28. Be3 Qc7 29. Rf1 a5 30. Nxf5 Bxf4 31. Bxf4 Qxf4 32. Qxf4 Nxf4 33. Nd6 Nd3
34. Nxe8 Rxe8 35. Rd2 Rb8 36. b3 e5 37. dxe5 Nxe5 38. Rd5 Nd3 39. Rd7 Nc5 40.
Rc7 Ne6 41. Re7 Rb6 42. Rff7 cxb3 43. axb3 Rc6 44. Rf5 Nc7 45. Rff7 Ne6 46. Rf3
Ng5 47. Rd3 a4 48. bxa4 bxa4 49. Ra7 Ne4 50. Rdd7 Ng3+ 51. Kh2 Nf5 52. Rdc7 Re6
53. Rxa4 Re2 54. Rca7 Rc2 55. Rc7 Ne3 56. Kg3 Nf1+ 57. Kf3 Nh2+ 58. Kg3 Nf1+
59. Kf3 Nh2+ 60. Kg3 Nf1+ 1/2-1/2

[Event "2nd 4NCL Spring Bank Holiday Congress"]
[Site "Basingstoke"]
[Date "2019.05.25"]
[Round "2.18"]
[White "Stock, Tobias W"]
[Black "Aubury, Ben"]
[Result "1-0"]
[WhiteElo "1999"]
[BlackElo "1659"]
[PlyCount "75"]
[EventDate "2019.05.24"]

1. d4 Nf6 2. c4 g6 3. Nc3 Bg7 4. e4 d6 5. f3 O-O 6. Bg5 a6 7. Qd2 c6 8. a4 a5
9. Nge2 Na6 10. Nc1 Nb4 11. Be2 b6 12. O-O Ba6 13. N1a2 h5 14. Bh6 Nd7 15. Bxg7
Kxg7 16. f4 e5 17. Rad1 exf4 18. Qxf4 Qf6 19. Qg3 Qe6 20. d5 Qe5 21. dxc6 Qxg3
22. hxg3 Nxa2 23. cxd7 Nxc3 24. bxc3 Rfd8 25. Rxd6 Ra7 26. Rfd1 Rb7 27. Kf2 Rc7
28. R1d4 Bb7 29. Rxb6 Rcxd7 30. Ke3 Bc8 31. Rb8 Rb7 32. Rxb7 Rxd4 33. Rxf7+
Kxf7 34. cxd4 Bd7 35. Bd1 Ke6 36. c5 Bc6 37. Bb3+ Ke7 38. d5 1-0

[Event "2nd 4NCL Spring Bank Holiday Congress"]
[Site "Basingstoke"]
[Date "2019.05.25"]
[Round "2.19"]
[White "Murphy, Ross"]
[Black "Sommer, Martin C"]
[Result "1/2-1/2"]
[WhiteElo "1669"]
[BlackElo "1985"]
[PlyCount "93"]
[EventDate "2019.05.24"]

1. Nf3 Nf6 2. g3 g6 3. Bg2 Bg7 4. c4 O-O 5. Nc3 d6 6. e4 e5 7. O-O Bg4 8. h3
Bxf3 9. Bxf3 Nc6 10. d3 Qd7 11. Bg2 Nd4 12. Ne2 Nxe2+ 13. Qxe2 c6 14. f4 Qc7
15. f5 Rad8 16. g4 h6 17. Be3 g5 18. Bf3 d5 19. Kg2 d4 20. Bd2 Nd7 21. Rh1 f6
22. h4 Kf7 23. Rh3 Rh8 24. Rah1 Nc5 25. Bb4 Na6 26. Ba3 b5 27. b3 Qa5 28. Bc1
bxc4 29. bxc4 Rb8 30. hxg5 hxg5 31. Rxh8 Rxh8 32. Rxh8 Bxh8 33. Qb2 Qb4 34. Bd1
Qxb2+ 35. Bxb2 Nb4 36. Bb3 Nxd3 37. Ba3 c5 38. Kf1 Bg7 39. Bc2 Nb4 40. Bxb4
cxb4 41. Ke2 Ke7 42. Kd3 Kd6 43. Ba4 Kc5 44. Bd7 Bf8 45. Be8 Bd6 46. Bd7 Bc7
47. Be8 1/2-1/2